Κατάλογος Βιβλιοθηκών Mediterranean College

International Business / Environments and Operations: Eighth Edition (Record no. 732)

MARC details
000 -LEADER
fixed length control field 02136cam a22002294a 4500
005 - ΗΜΕΡΟΜΗΝΙΑ ΚΑΙ ΩΡΑ ΤΕΛΕΥΤΑΙΑΣ ΕΝΗΜΕΡΩΣΗΣ
Πεδίο ελέγχου 20250605163944.0
008 - FIXED-LENGTH DATA ELEMENTS--GENERAL INFORMATION
Πεδίο ελέγχου σταθερού μήκους 250528s ||||||||||||||||||||||||d
035 ## - SYSTEM CONTROL NUMBER
System control number 15138
020 ## - ISBN
ISBN 201767333
040 ## - ΠΗΓΗ ΚΑΤΑΛΟΓΟΓΡΑΦΗΣΗΣ
Φορέας πρωτότυπης καταλογογράφησης MC Athens Campus Library
Γλώσσα καταλογογράφησης Ελληνικά, Μοντέρνα (1453-)
Modifying agency MC Athens Campus Library
Κανόνες περιγραφικής καταλογογράφησης AACR2
245 1# - ΤΙΤΛΟΣ ΚΑΙ ΔΗΛΩΣΗ ΥΠΕΥΘΥΝΟΤΗΤΑΣ
Τίτλος International Business / Environments and Operations: Eighth Edition
250 ## - EDITION STATEMENT
Edition statement 8th
260 ## - PUBLICATION, DISTRIBUTION, ETC.
Name of publisher, distributor, etc. Addison-Wesley Publishing Company,
Date of publication, distribution, etc. 1998
300 ## - PHYSICAL DESCRIPTION
Extent 946
505 0# - FORMATTED CONTENTS NOTE
Formatted contents note International Business: An Overview, International Business Environment: An Atlas, The Cultural Environments Facing Business, The Political and Legal Environments Facing Business, The Economic Environment, International Trade Theory, Governmental Influence on Trade, Economic Integration and Cooperative Agreements, Foreign Direct Investment, Foreign Exchange, The Determination of Exchange Rates, The Impact of Multinational Enterprise, International Business Negotiations and Diplomacy, Country Evaluation and Selection, Colaborative Strategies, Control Strategies, Marketing, Export and Import Strategies, Global Operations Management and Sourcing Strategies, Multinational Accounting and Tax Functions, The Multinational Finance Function, Human Resource Management, Index.
520 ## - SUMMARY, ETC.
Summary, etc. International Business: An Overview, International Business Environment: An Atlas, The Cultural Environments Facing Business, The Political and Legal Environments Facing Business, The Economic Environment, International Trade Theory, Governmental Influence on Trade, Economic Integration and Cooperative Agreements, Foreign Direct Investment, Foreign Exchange, The Determination of Exchange Rates, The Impact of Multinational Enterprise, International Business Negotiations and Diplomacy, Country Evaluation and Selection, Colaborative Strategies, Control Strategies, Marketing, Export and Import Strategies, Global Operations Management and Sourcing Strategies, Multinational Accounting and Tax Functions, The Multinational Finance Function, Human Resource Management, Index.
700 1# - ΠΡΟΣΘΕΤΗ ΑΝΑΓΡΑΦΗ--ΦΥΣΙΚΟ ΠΡΟΣΩΠΟ
Personal name Daniels John D
9 (RLIN) 994
700 1# - ΠΡΟΣΘΕΤΗ ΑΝΑΓΡΑΦΗ--ΦΥΣΙΚΟ ΠΡΟΣΩΠΟ
Personal name Radebaugh Lee H
9 (RLIN) 914
942 ## - ADDED ENTRY ELEMENTS (KOHA)
Koha item type Books
Holdings
Τύπος τεκμηρίου Βιβλιοθήκη Τρέχουσα τοποθεσία Barcode Αριθμός εισαγωγής Ημερομηνία απόκτησης Ταξιθετικό σύμβολο Αριθμός αντιτύπου Κατάσταση απόσυρσης Κατάσταση χαμένου Κατάσταση κατεστραμμένου Μη δανεισμός Σύνολο δανεισμών Ημερομηνία τελευταίας εμφάνισης Η τιμή ισχύει από
Books MC Athens Campus Library MC Athens Campus Library 9780000007315 1369 05/06/2025 658.1/8 DAN 1           05/06/2025 05/06/2025

MC Athens Campus Library
Πατησίων 94 & Κοδριγκτώνος 13, 104 34
Πελλήνης 8 & Πατησίων 107, 112 51
Τ: +30 210 8899600

MC Thessaloniki Campus Library
Ίωνος Δραγούμη 21, 54625 | Ίωνος Δραγούμη 15, 54625
Τ: +30 2310 287779 – Τ: +30 2314 440300